000 00783nam a2200241Ia 4500
003 OSt
005 20220923215318.0
006 a|||||r|||| 00| 0
007 ta
008 220922b |||||||| |||| 00| 0 hin d
024 _a177,681
037 _cTextual
040 _aARTS
_cARTS
_bhin
041 _2hin
_ahin
082 _aO152,1:g(R5), M6
100 _aमालवीय, सोम दत्त
_9156310
245 0 _aहिन्दी काव्य और सौन्दर्य
246 _aHindī kāvya aur saundarya
260 _aनई दिल्ली
_b अयन प्रकाशन
_c1986
300 _a360पृ.
_ccm.
942 _hO152,1:g(R5), M6
_cTEXL
_2CC
999 _c331069
_d331069